LEADER 00979nas a2200229 i 4500 001 000000066798 003 CaOOAMICUS 005 19990128000000.0 008 990128b xx uu u0 0eng r 013 $a37970 040 $aSeMil$bita 245 10$aPhenomenology and beyond. 600 14$aHeidegger, Martin <1889-1976>.$0(OLS)http://semarc/subject/986 650 4$aDerrida, Jacques <1930-2004>.$0(OLS)http://semarc/subject/10118 650 4$aFenomenologia - Filosofia.$0(OLS)http://semarc/subject/1114 700 1 $aLangsdorf, Lenore.$0(OLS)http://semarc/name/33497 700 1 $aCaputo, John D.,$d<1940- >.$0(OLS)http://semarc/name/33496 773 0 $tSelected Studies in Phenomenology and Existential Philosophy.$dChicago : DePaul University, 1996.$w()334 850 $aSeMil 852 $aSeMil$W1$xVenegono$y1$m16 6 40$j32951$B32951$CSeMilBibl$Z2$F32954 $85 961 $aAcquisto: Casa editrice 996 $6245$aPhenomenology and beyond$9(OLS)http://semarc/title/106295 LEADER 01215nam a2200289 i 4500 001 000000127185 003 CaOOAMICUS 005 20070308000000.0 008 070308s2001 it u000 u ita u 013 $a99893 020 $a88-215-4508-3 040 $aSeMil$bita 100 1 $aCargnel, Antonietta.$0(OLS)http://semarc/name/20247 245 12$aL'assistenza e la cura al malato terminale /$cdi Antonietta Cargnel. 260 $aCinisello Balsamo :$bSan Paolo,$ccopyr. 2001. 300 $a63 p. ;$c18 cm. 490 0 $aI quando ;$v7 500 $aIn testa al front. : Quando in famiglia si soffre. - Fondo Card. C.M. Martini. 650 4$aMalati terminali - Assistenza - Concezione cristiana.$0(OLS)http://semarc/subject/24942 830 2$aI quando ;$v7.$0(OLS)http://semarc/title/401669 850 $aSeMil 852 $aSeMil$W1$xVenegono$y1$m2E I 454$j81505$B81505$CSeMilBibl$Z2$F121848 $81 941 1 $a4 961 $aOmaggio: Martini Card. Carlo Maria 996 $6020$a88-215-4508-3$9(OLS)http://semarc/number/113555 996 $6245$aL'assistenza e la cura al malato terminale$9(OLS)http://semarc/title/187662 996 $6260$aCinisello Balsamo :$bSan Paolo$9(OLS)http://semarc/publisher/30129